Składniki na placki ziemniaczane - specjalny quiz na 500 quizów - Statystyki

Ogólne statystyki
  • Ten quiz został rozwiązany 577 razy
  • Średni wynik to 5 z 6
Statystyki odpowiedzi
Odpowiedź % Poprawnych
Ziemniaki
99%
{Olej} do smażenia
95%
Mąka
92%
Sól
79%
Jajka
73%
Cebula
54%
Nie znaleziono quizów pasujących do podanych kryteriów
Rozkład punktacji
Procent ludzi z każdym wynikiem
Percentyl według liczby udzielonych odpowiedzi
Twoja historia wyników
Nie rozwiązałeś tego quizu